| 000 | 00388nam a2200169Ia 4500 | ||
|---|---|---|---|
| 008 | 100304t1992 xxu||||| |||| 00| 0 sin d | ||
| 041 | _asin | ||
| 080 |
_aX8S31 _bAMA |
||
| 100 | _aAmarakeerthi, Liyanage | ||
| 245 | _aරළ | ||
| 246 | _aRala | ||
| 260 |
_bSara _aKottawa _c1992 |
||
| 300 | _a112p., 16 cm | ||
| 942 | _cBK | ||
| 999 |
_c70817 _d70817 |
||
| 003 | LK-CoDNM | ||
| 040 |
_aLK-CoDNM _dLK-CoDNM _eLK-CoDNM |
||